00836nam a2200217 a 450000100100000000500170001000800410002702000150006804000250008308200150010824501590012326000380028230000280032050000380034870000300038670000280041670000350044404900090047995201130048899900170060100002299820200930021924.0101124s1998 ve a r 000 | spa d a9803171461 aDO-SdBNPbspacBNPHU axxxbS678c10aSociedad civil e integración regional en el Gran Caribe /ccoordinadores, Francine Jácome, Andrés Serbin, edición al cuidado de Helena González. aCaracas :bNueva Sociedad,c1998. a185 p. :bil. ;c23 cm. aIncluye lista de autores y anexos1 aJácome, Francine9473111 aSerbin, Andrés9305731 aGonzález, Helenaeed.919692 aBNGR 001050718MOaGRbGRcCTd2010-11-24iLF1l0oxxx S678cp22998-10r2020-06-25w2020-06-25y1ZNo se presta c22495d22495